Quizzes
Events
Quiz Creation
Community
Videos
Private Events
Remove Ads
Sign In
Join for FREE
Feedback
Dark Mode
Quiz Categories
Sports
Geography
Music
Movies
Television
Just For Fun
Miscellaneous
History
Literature
Language
Science
Gaming
Entertainment
Religion
Holiday
For Kids
Quiz Lab
Recent
Popular Today
Quiz Kudos Today
Editor Picks
Curator Picks
Quizzes by...
Day
Popularity
Type
Ratings
Length
Year
Community
Subscriptions
Recent Discussions
Orange Saloon
Badges
Playlists
Quests
Create
Leaderboards
Showdown
Live 5
Trivia Bingo
Activity
Puzzle Library
Sporcle Events
Private Events
Virtual Trivia
Globe League
Become a Host
Pub Owners
SporcleCon
Opinionation
Our Games
Videos
Blog
Mobile Apps
Partnerships
Remove Ads and Go Orange
Feedback
Gaming
Video Games
Board Games
Card Games
Pokémon
Mario
Nintendo
Minecraft
Console
Toys
Legend of Zelda
Gaming
Video Games
Board Games
Card Games
Pokémon
Mario
Nintendo
Minecraft
Console
Toys
Legend of Zelda
Random Quiz
Search Sporcle
×
Quiz Lab
Quiz Lab
Gaming
Top 25
Type in answers that appear in a list
Type in answers that appear in a list
Classic
Best Score? Go Orange.
IGN PS3 Best Games Stats
Can you name the IGN PS3 Best Games?
By
woody230uk
10m
25 Questions
58 Plays
58 Plays
58 Plays
Comments
Comments
Give Quiz Kudos
Give Quiz Kudos
-
- Ratings
hide this ad
Replay
Link that replays current quiz
Next Quiz
Link to next quiz in quiz playlist
You Got
0%
They Got
Avg Score
27%
Avg Friend Score
Upgrade to see
Score Distribution
Jump to the score distribution portion of the page
Score
0/25
Timer
10:00
0
Plays Today
% Correct
Uncharted 2
74.1%
Uncharted
72.4%
God of War 3
50%
Grand Theft Auto IV
43.1%
Metal Gear Solid 4
43.1%
inFAMOUS
37.9%
LittleBigPlanet 2
34.5%
BioShock
34.5%
Red Dead Redemption
32.8%
inFAMOUS 2
32.8%
Fallout 3
31%
Batman: Arkham Asylum
29.3%
Heavy Rain
25.9%
% Correct
Mass Effect 2
22.4%
Fallout: New Vegas
22.4%
Borderlands
17.2%
Portal 2
15.5%
Dead Space 2
15.5%
Resistance: Fall of Man
15.5%
Ratchet and Clank: A Crack in Time
12.1%
Demon's Souls
10.3%
Burnout Paradise
6.9%
Vanquish
5.2%
Catherine
3.4%
Valkyria Chronicles
1.7%
Quiz Playlist
Details
Report
Send in Message
Add To Playlist
Classic:
Type in answers that appear in a list
Last Updated: Feb 16, 2017
Quiz Scoreboard
CHALLENGE
Sign Up to Join the Scoreboard
Show All
Scores
Hide
Comments
May contain spoilers
Recently Published
Presidents Visiting Landmarks
by Hejman
History
7m
An Introduction to Baseball
by treessimontrees
Sports
5m
Movies - When Are They Set?
by FPL_Elf
Movies
5m
More to Explore
Quiz From the Vault
Featured Blog Post
Where Did the Easter Bunny Come From?
hide this ad
You Might Also Like...
Tags
IGN
ps3
PS3 Games
Top 25
Today's Top Quizzes in Gaming
Browse Gaming
hide this ad
Today's Top Quizzes in Top 25
Browse Top 25
Top Contributed Quizzes in Gaming
1
5-to-1: Consoles
2
7-to-1: Board Game Piece Blitz
3
5-to-1: Legend of Zelda
4
Destiny 2 exotic weapons by perk icons
5
Ultimate Genshin Impact Logic Puzzle (up to 4.3)
6
Franchise by Action Figure
7
Overwatch Logic Puzzle
8
Who's on the WWE 2K24 Cover?
9
Genshin Impact Logic Puzzle Quiz
10
Windmill: Pokémon
Explore More
Trending Topics
Crossword
Kpop
Anime
Harry Potter
Disney
Marvel
NBA
Pokémon
Puzzle
Country
Soccer
NFL
The Office
Song
WWE
hide this ad
More By:
woody230uk
Quiz
Plays
Rating
Category
Featured
Created
hellsing characters
570
2.67
Entertainment
Sep 9, 2011
Blade
157
1.50
Movies
Sep 12, 2011
All Tekken characters
83
Gaming
Sep 9, 2011
Computer parts
81
1.50
Miscellaneous
Sep 7, 2011
Final Fantasy Towns
68
1.00
Gaming
Sep 7, 2011
Go to Creator's Profile
Score Distribution
Quiz Creator Spotlight
woody230uk
Follow
Send a Message
Quizzes Created
-
Created Quiz Play Count
-
More By This Creator
Popular Quizzes Today
1
Find the US States - No Outlines Minefield
2
Find the Countries of Europe - No Outlines Minefield
3
The Countries of the World
4
Find the US States
5
Popular People in 1961
6
US States
7
Risky Map Clicking: Biggest States A-Z
8
Movies - When Are They Set?
More Gaming Quizzes
Minesweeper 10x10 - Hard IX
Quiz Lab
Trending Quizzes
Risky Map Clicking: Least Populous States A-Z
1-10 Letter G Words
1-10 Letter F Words
Risky Map Clicking: Next State Alphabetically
Risky Map Clicking: Biggest States A-Z
Recently Updated
Leaping Animals
pecheneg
Reality TV Shows (A-Z)
bhenderson79
Rickey Henderson's Hall of Fame Teammates
pecheneg
Champions League XIs: Arsenal
pecheneg
Quick Pick: Celebrities in WWE's Hall of Fame
aduchscher
A-Z Keypad Blitz II
pecheneg
Multiple Oscar Actors
pecheneg
Mystery Phrase Blitz: Oscar 'Best Actors'
pecheneg
F. Scott Fitzgerald Novels
LTH
Pick 3 Villains
ddd62291
Trending Topics
Harry Potter
Kpop
NBA
Crossword
Anime
Marvel
Disney
The Office
Pokémon
Puzzle
Soccer
WWE
Country
Song
NFL
Your Account Isn't Verified!
In order to create a playlist on Sporcle, you need to verify the email address you used during registration. Go to your
Sporcle Settings
to finish the process.
Report this User
Report this user for behavior that violates our
Community Guidelines
.
Details:
Send Report
Go to the Sporcle.com Mobile Site →
Comments